Praelectiones in textum iuris canonici de iudiciis ecclesiasticis in scholis pont. sem. rom. habitae

Saved in:
Bibliografiske detaljer
Hovedforfatter: Lega, Michaele (Author)
Format: Bog
Sprog:latin
Udgivet: Roma Typis Vaticanis 1896
Udgivelse:1a. ed
Fag:
Tags: Tilføj Tag
Ingen Tags, Vær først til at tagge denne postø!

MARC

LEADER 00000cam a2200000 a 4500
001 UCD3519
003 CL-VaPUC
008 160609e18960000it |||||||||||||||||lat|d
082 0 4 |a 262.92  |b LEG  |2 21 
100 |a Lega, Michaele  |e author  |9 587029 
245 1 0 |a Praelectiones in textum iuris canonici de iudiciis ecclesiasticis in scholis pont. sem. rom. habitae 
250 |a 1a. ed 
300 |a v 
942 |c BK 
945 |d 20160609 22:21:00  |a dcastane 
260 |a Roma  |b Typis Vaticanis  |c 1896 
500 |a v.1 p.1: de iudicis ecclesiasticis civilibus 
500 |a v.2 p.1: de iudiciis ecclesiasticis civilibus in specie et in primis de ordinatione curiae romanae 
650 7 |a DERECHO CANONICO  |2 CL-VaPUC  |9 587030 
650 0 |a Derecho eclesiástico  |9 255055 
583 |a last modification  |c 20160609 22:21:00  |k Rodrigo Vera 
999 |c 364555  |d 364553 
952 |0 0  |1 0  |3 erd  |4 0  |6 262_920000000000000_LEG_1896  |7 0  |8 X  |9 477914  |a BIBTEO  |b BIBTEO  |c TEO_FFR  |h v.1 p.1  |i 5236924  |o 262.92 LEG 1896  |p 5236924  |r 2024-01-18  |w 2019-11-24  |y BK_X  |z Catalogado en:20160609  |k OFM 
952 |0 0  |1 0  |3 erd  |4 0  |6 262_920000000000000_LEG_1896  |7 0  |8 X  |9 477915  |a BIBTEO  |b BIBTEO  |c TEO_FFR  |h v.2 p.1  |i 5236932  |o 262.92 LEG 1896  |p 5236932  |r 2024-01-18  |w 2019-11-24  |y BK_X  |z Catalogado en:20160609  |k OFM